| 000 | 00780nam a2200241Ia 4500 | ||
|---|---|---|---|
| 003 | IN-BaIIA | ||
| 008 | 211028s9999 xx 000 0 eng d | ||
| 020 | _a0-444-87035-0 | ||
| 040 | _cIIA Library | ||
| 080 |
_a063:53 _bENF-98 |
||
| 245 | 4 |
_aThe evolution of the small bodies of the solar system _cedited by M. Fulchignoni and L. Kresak |
|
| 260 |
_aAmsterdam _c1987 |
||
| 300 | _axii, 307p. | ||
| 490 | _aProceedings of the International School of Physics Enrico Fe | ||
| 650 |
_aAsteroids _94064 |
||
| 650 | _aAstronomy and Astrophysics Thesaurus | ||
| 650 |
_aComets _9755 |
||
| 650 |
_aPlanets _9971 |
||
| 650 | _aSolar System | ||
| 700 |
_aFulchignoni, M., ed. _915482 |
||
| 700 |
_aKresak, L., ed. _915483 |
||
| 942 | _cBK | ||
| 999 |
_c9215 _d9215 |
||